Población de la República de Costa Rica por provincias, cantones y distritos. Estimación al: 1° de enero de 1984
Salvato in:
| Ente Autore: | |
|---|---|
| Natura: | testo |
| Pubblicazione: |
San José:
MEC. DGEC. Sección de Publicaciones
|
| Soggetti: | |
| Tags: |
Aggiungi Tag
Nessun Tag, puoi essere il primo ad aggiungerne!!
|
MARC
| LEADER | 00000 a a2200000 04500 | ||
|---|---|---|---|
| 001 | 14249 | ||
| 003 | |||
| 040 | |||
| 090 | |a 001700 | ||
| 110 | |a Costa Rica. Ministerio de Economía, Industria y Comercio. Dirección General de Estadística y Censos | ||
| 245 | |a Población de la República de Costa Rica por provincias, cantones y distritos. Estimación al: 1° de enero de 1984 | ||
| 260 | |a San José: |b MEC. DGEC. Sección de Publicaciones | ||
| 300 | |a 9 p. | ||
| 650 | |a POBLACION | ||
| 999 | |c 13710 |d 13710 | ||
